000 00578nam a22001817a 4500
008 130821s1986 mx gr spa
040 _aCo-BoUCM
_bspa
041 0 0 _aspa
060 _aWA 105
_bL728f
100 _aLilienfeld, Abraham M.
245 0 0 _aFundamentos de epidemiología
_cAbraham M. Lilienfeld, David E. Lilienfeld
260 _aMéxico D.F. (México)
_bAddison-Wesley Iberoamericana
_c1986
300 _a341 páginas
650 0 4 _914660
_aEpidemiología
700 _aLilienfeld, David E.
700 _aTít
942 _cLIBRO
_a26
_e1
_mL728F
_2NLM
_hWA 105
_n0
999 _c80434
_d80434